000 03089nab a2200301 i 4500
003 BR-BrBNA
005 20230925150628.0
008 230815b2020 bl.ar|pooa||| 00| 0 eng |
040 _aBR-BrBNA
_beng
072 _aH60
072 _aP33
072 _aP35
100 _aGehrke, V.R.
100 _aCamargo, E.R.
100 _aAvila, L.A.
245 _aSulfentrazone: environmental dynamics and selectivity
500 _aPublicação on-line; Ind. Lit. EZ; Bibliography p. 11-16 (92 ref.); 3 tables; 1 illus.; Summaries (En, Pt)
520 _a ABSTRACT - Sulfentrazone is a pre-emergence herbicide that inhibits protoporphyrinogen oxidase (Protox). Its use has emphasis on areas like soybeans planted in lowlands, soybean, and sugarcane in areas of cerrado, and also in the implementation of eucalyptus afforestation. The use of sulfentrazone into resistant weed management programs mainly to glyphosate and acetolactate synthase (ALS) inhibitors has been successful. However, the information on the environmental behavior of this herbicide is limited, even more restricted when it refers to the lowland areas where problems are frequently observed regarding the selectivity of sulfentrazone, due to the soil and climatic peculiarities of this environment. In this context, the present review aims to describe the main characteristics of sulfentrazone to its environmental dynamics. Keywords: triazolinone, pre-emergent, weed management, sorption.
520 _a RESUMO - O sulfentrazone é um herbicida com ação em pré-emergência que inibe a protoporfirinogênio oxidase (Protox). Sua utilização tem ênfase em áreas de expansão, como a soja em terras baixas, soja e cana-de-açúcar em áreas de cerrado, e também na implantação de florestamentos de eucalipto. A inserção do sulfentrazone em programas de manejo de plantas daninhas resistentes, principalmente ao glifosato e a inibidores da acetolactato sintase (ALS), vem obtendo sucesso. Contudo, as informações sobre o comportamento ambiental desse herbicida são limitadas, sendo ainda mais restritas quando se trata de áreas de terras baixas, onde frequentemente são observados problemas quanto à seletividade do sulfentrazone, em razão das peculiaridades edafoclimáticas desse ambiente. Nesse âmbito, esta revisão teve por objetivo relacionar as principais características do sulfentrazone com sua dinâmica ambiental e sua seletividade, compreendendo esses processos, a fim de otimizar sua utilização. Palavras-chave: triazolinona, pré-emergente, manejo de plantas daninhas, sorção.
650 _aHERBICIDA
650 _aPRÉ-EMERGÊNCIA
650 _aERVA DANINHA
650 _aSORÇÃO
773 0 _0886
_91817
_dLondrina-PR : Sociedade Brasileira da Ciência das Plantas Daninhas, 1978
_o2023-031024
_tPlanta Daninha (Brazil)
_x0100-8358; 1806-9681 (on-line)
_gv. 38 p. 1-16; (2020)
_wBR2023000864
856 _uhttps://www.scielo.br/j/pd/a/v4PbQx7TzWDP3dtRg5M5LWy/?format=pdf&lang=en
942 _cAnalítica
999 _c9813
_d9813